000 00482nam a2200169Ia 4500
008 180921t2018 xxu||||| |||| 00| 0 sin d
041 _asin
080 _a820
_bBAN
100 _aBandara, Jagath
245 _aEssential English - අත්‍යඅවශ්‍යම ඉංග්‍රීසි සංවාද
246 _aEssential English
260 _bgodage
_acolombo
_c2018
300 _b208p, 21cm
942 _cBK
999 _c723
_d723
003 LK-CoDNM
040 _aLK-CoDNM
_dLK-CoDNM
_eLK-CoDNM